Độ ẩm đất với cây trồng

保存先:
書誌詳細
第一著者: Chu, Thị Thơm
フォーマット: 図書
言語:Undetermined
出版事項: Hà Nội Lao động 2006
主題:
タグ: タグ追加
タグなし, このレコードへの初めてのタグを付けませんか!
Thư viện lưu trữ: Trung tâm Học liệu Trường Đại học Cần Thơ
LEADER 00581nam a2200193Ia 4500
001 CTU_104165
008 210402s9999 xx 000 0 und d
020 |c 14000 
082 |a 631.45 
082 |b Th463 
100 |a Chu, Thị Thơm 
245 0 |a Độ ẩm đất với cây trồng 
245 0 |c Chu Thị Thơm, Phan Thị Lài, Nguyễn Văn Tó 
260 |a Hà Nội 
260 |b Lao động 
260 |c 2006 
650 |a Plant-water relationships,Soil moisture 
904 |i Minh 
980 |a Trung tâm Học liệu Trường Đại học Cần Thơ